| 000 | 00729nam a2200205 a 4500 | ||
|---|---|---|---|
| 001 | 000045093 | ||
| 005 | 20201002045855.0 | ||
| 008 | 101014s1973 mx 000 0 spa d | ||
| 040 |
_aDO-SdBNP _bspa _cBNPHU |
||
| 082 |
_axxxx _bD724j |
||
| 100 | 1 |
_aDostoievski, Fedor _d1821-1881 _973111 |
|
| 245 | 1 | 0 |
_aEl jugador / _cFedor Dostoievski; traducción, Alfonso Nadal. |
| 260 |
_aMéxico : _bNacional, _c1973. |
||
| 300 |
_a282 p. ; _c19 cm. |
||
| 490 | 1 |
_aAutores modernos y contemporaneos _v95 |
|
| 590 | _aPerteneció a la biblioteca personal de Germán Emilio Ornes | ||
| 500 | _aLa biblioteca posee la reimpresión del 1973 | ||
| 700 | 1 |
_aNadal, Alfonso _etrad. _943760 |
|
| 830 | 0 |
_aAutores modernos y contemporaneos _n95 _973112 |
|
| 999 |
_c44582 _d44582 |
||